LEADER 01315nam a2200325 u 4500 001 000000064614 003 CaOOAMICUS 005 20070226121357.0 008 011121c1996 it f u000 u ita u 020 $a8802049424 035 $a10910836 040 $aPUL(R)$bita 100 0 $aAristoteles,$d384-322 a.C.$0(OLS)http://pul/name/792 245 10$aOrganon /$cdi Aristotele ; a cura di Lucia Caiani ; introduzione di Francesco Adorno. 260 $aTorino :$bUnione Tipografico-Editrice Torinese,$cc1996. 300 $a650 p. ;$c23 cm 490 1 $aClassici della filosofia 500 $aContiene indice. 504 $aBibliografia in nota. 700 1 $aAdorno, Francesco.$0(OLS)http://pul/name/7726 700 1 $aCaiani, Lucia.$0(OLS)http://pul/name/43639 830 0$aClassici della filosofia (UTET).$0(OLS)http://pul/title/8314 850 $aPUL 852 $aPUL$W1$xSL Filosofia 1$y2$m87 M 13.5$j184496$qStampati$B187700$CPULBib$Z2$F187700 $H75822 $82 900 $aAristotle,$d 384-322 a.C.$9792 900 $aAristotele,$d384-322 a.C.$9792 941 1 $a8 996 $6020$a8802049424$9(OLS)http://pul/number/83861 996 $6245$aOrganon$9(OLS)http://pul/title/39225 996 $6260$aTorino :$bUnione Tipografico-Editrice Torinese$9(OLS)http://pul/publisher/48798 LEADER 01622nam a2200349 u 4500 001 000000074739 003 CaOOAMICUS 005 20150915115653.0 008 021216s1991 it u000 u ita u 020 $a8825000707 035 $a10948839 040 $aPUL$bita 245 00$aDall'esegesi all'ermeneutica attraverso la celebrazione :$bBibbia e Liturgia I /$cL. Alonso Schökel ... [et al.] ; a cura di Romano Cecolin. 260 $aPadova :$bEdizioni Messaggero,$cc1991. 300 $a331 p.$c21 cm 490 1 $aCaro salutis cardo.$aContributi ;$v6 504 $aBibliografia a pie' pagina. 650 4$aLiturgia.$0(OLS)http://pul/subject/2437 700 1 $aCecolin, Romano.$0(OLS)http://pul/name/49562 700 1 $aAlonso-Schokel, Luis,$cS.I.,$d1920-1998.$0(OLS)http://pul/name/5079 830 0$aCaro salutis cardo.$pContributi ;$v6.$0(OLS)http://pul/title/45949 850 $aPUL 852 $aPUL$W1$xSL Religione 1$y3$m11 N 12.1.6$j96343$nBK-PRI$b $qStampati$B96343$CPULBib$Z2$F96343 $H $81 852 $aPUL$W1$xDP1 Fondo S. Lanza$y121$m3 N 94$j168620$qFondi$B169220$CPULBib$Z2$F169220 $HLAN1189 $82 900 $aSchökel, Luis Alonso,$cS.I.,$d1920-1998$95079 941 1 $a8 941 1 $a1 961 $aINV: 88371 961 $aNota ms. di possesso: Sergio Lanza 996 $6020$a8825000707$9(OLS)http://pul/number/97151 996 $6245$aDall'esegesi all'ermeneutica attraverso la celebrazione :$bBibbia e Liturgia I$9(OLS)http://pul/title/98085 996 $6260$aPadova :$bEdizioni Messaggero$9(OLS)http://pul/publisher/51217